[Event "Belgrade Serbia op"]
[Site "Belgrade"]
[Date "2024.07.16"]
[Round "5"]
[White "Pasula, Milos"]
[Black "Gajcin, Marina"]
[Result "0-1"]
[WhiteElo "1968"]
[BlackElo "2305"]
[PlyCount "138"]
[EventDate "2024.07.12"]
[EventType "swiss"]
[EventRounds "9"]
[EventCountry "SRB"]
[SourceTitle "CBM 221 Extra"]
[Source "ChessBase"]
[SourceDate "2024.09.30"]
[SourceVersion "1"]
[SourceVersionDate "2024.09.30"]
[SourceQuality "1"]

1. d4 Nf6 2. c4 e6 3. Nf3 Bb4+ 4. Nbd2 b6 5. g3 Bb7 6. Bg2 0-0 7. 0-0 d5 8. Ne5 Be7 9. b3 c5 10. dxc5 bxc5 11. Bb2 Nc6 12. Nxc6 Bxc6 13. Rc1 Qb6 14. cxd5 exd5 15. Qc2 Bb7 16. e4 d4 17. Nc4 Qc7 18. e5 Nd7 19. Bxb7 Qxb7 20. f4 a5 21. Qf5 Ra6 22. Qg4 f5 23. Qe2 a4 24. Qd3 axb3 25. axb3 g6 26. Ra1 Rfa8 27. Nd2 Ra2 28. Qc2 Qd5 29. Rxa2 Rxa2 30. Ra1 Rxa1+ 31. Bxa1 Nb6 32. Qd3 Qa8 33. Bb2 Qa5 34. Kf2 Qb4 35. Nc4 Kf8 36. Nxb6 Qxb6 37. Bc1 Qa5 38. Bd2 Qa2 39. Kg1 Qa1+ 40. Kg2 Qb2 41. Kg1 Qa1+ 42. Kg2 h5 43. h4 Qa8+ 44. Qf3 Qe4 45. Kf2 Bd8 46. Be1 Bb6 47. Bd2 Bd8 48. Be1 Qc2+ 49. Kf1 d3 50. Qf2 Qxb3 51. Qxc5+ Be7 52. Qc8+ Kf7 53. Qc1 Qd5 54. Qc7 Qh1+ 55. Kf2 Qh2+ 56. Ke3 Qe2+ 57. Kd4 Qe4+ 58. Kc3 Qxe1+ 59. Kxd3 Qxg3+ 60. Ke2 Qxh4 61. Qc4+ Kg7 62. Qc7 Qh2+ 63. Kf3 Qh3+ 64. Ke2 Qa3 65. Qb7 h4 66. e6 Qa2+ 67. Kf3 Qxe6 68. Qb1 Qd5+ 69. Kf2 Bc5+ 0-1

[Event "EU-ch U08 30th"]
[Site "Antalya"]
[Date "2022.11.07"]
[Round "2"]
[White "Lishoy Gengis Paratazham, Dildarav"]
[Black "Pasula, Milos"]
[Result "1/2-1/2"]
[WhiteElo "1338"]
[BlackElo "1647"]
[PlyCount "69"]
[EventDate "2022.11.06"]
[EventType "swiss"]
[EventRounds "9"]
[EventCountry "TUR"]
[SourceTitle "CBM 211 Extra"]
[Source "ChessBase"]
[SourceDate "2023.01.31"]
[SourceVersion "1"]
[SourceVersionDate "2023.01.31"]
[SourceQuality "1"]

1. e4 c6 2. Nf3 d5 3. Nc3 Bg4 4. exd5 cxd5 5. Bb5+ Nc6 6. d4 e6 7. a3 Nf6 8. 0-0 Bd6 9. Bg5 0-0 10. Bxc6 bxc6 11. Qd3 Qc7 12. Bxf6 gxf6 13. h3 Bf5 14. Qe2 Kh8 15. Nh4 Bg6 16. Nxg6+ hxg6 17. Qf3 Kg7 18. Rfe1 Rfe8 19. Rad1 e5 20. Qd3 e4 21. Qe2 f5 22. f3 Bh2+ 23. Kh1 Bg3 24. Rf1 e3 25. Na4 f4 26. Rc1 Qa5 27. Nc3 f5 28. Ra1 Rh8 29. Kg1 Bf2+ 30. Kh2 Rag8 31. Rxf2 exf2 32. Qe7+ Kh6 33. Qh4+ Kg7 34. Qe7+ Kh6 35. Qh4+ 1/2-1/2

[Event "EU-ch Hybrid U08"]
[Site "Tornelo INT"]
[Date "2021.10.15"]
[Round "2"]
[White "Marton John, Almos Kiran"]
[Black "Pasula, Milos"]
[Result "0-1"]
[WhiteElo "1133"]
[BlackElo "1424"]
[PlyCount "134"]
[EventDate "2021.10.15"]
[EventType "swiss"]
[EventRounds "9"]
[EventCountry "NET"]
[SourceTitle "EXT 2023"]
[Source "ChessBase"]
[SourceDate "2022.10.05"]
[SourceVersion "1"]
[SourceVersionDate "2022.10.05"]
[SourceQuality "1"]
[WhiteTeam "Hungary"]
[BlackTeam "Serbia"]
[WhiteTeamCountry "HUN"]
[BlackTeamCountry "SRB"]

1. e4 c6 2. d4 d5 3. e5 Bf5 4. h4 h5 5. Ne2 e6 6. Ng3 Bg6 7. Be2 c5 8. c3 Nc6 9. Nxh5 Bxh5 10. Bxh5 g6 11. Be2 Rxh4 12. Rxh4 Qxh4 13. Be3 cxd4 14. cxd4 Bb4+ 15. Nc3 Nge7 16. Qb3 Nf5 17. 0-0-0 0-0-0 18. g4 Nxe3 19. fxe3 Qf2 20. Bb5 Qxe3+ 21. Kb1 Nxd4 22. Qxb4 Nc6 23. Bxc6 bxc6 24. Qa4 Qxe5 25. Qxc6+ Qc7 26. Qxc7+ Kxc7 27. Nb5+ Kb6 28. a4 a6 29. Nc3 Kc5 30. Rf1 f5 31. gxf5 gxf5 32. Re1 Re8 33. Kc2 d4 34. Ne2 e5 35. b4+ Kd5 36. Nf4+ Kc4 37. Nd3 e4 38. Kd2 Rg8 39. Rc1+ Kb3 40. Nc5+ Kxb4 41. Nxa6+ Kxa4 42. Nc5+ Kb5 43. Ne6 Rg2+ 44. Kd1 Rg1+ 45. Kd2 Rxc1 46. Kxc1 Kc4 47. Kd2 Kd5 48. Nf4+ Ke5 49. Ng6+ Kf6 50. Nf4 Ke5 51. Ng6+ Kd5 52. Nf4+ Kc4 53. Kc2 d3+ 54. Kd2 Kd4 55. Ne6+ Ke5 56. Nc5 Kf4 57. Ne6+ Kf3 58. Nd4+ Kg4 59. Ke3 f4+ 60. Kf2 e3+ 61. Ke1 f3 62. Nc6 f2+ 63. Kf1 Kg3 64. Nd4 e2+ 65. Nxe2+ dxe2+ 66. Kxe2 Kg2 67. Ke3 f1Q 0-1

[Event "EU-ch Hybrid U08"]
[Site "Tornelo INT"]
[Date "2021.10.15"]
[Round "6"]
[White "Mihaylov, Bozhidar1"]
[Black "Pasula, Milos"]
[Result "0-1"]
[WhiteElo "1123"]
[BlackElo "1424"]
[PlyCount "104"]
[EventDate "2021.10.15"]
[EventType "swiss"]
[EventRounds "9"]
[EventCountry "NET"]
[SourceTitle "EXT 2023"]
[Source "ChessBase"]
[SourceDate "2022.10.05"]
[SourceVersion "1"]
[SourceVersionDate "2022.10.05"]
[SourceQuality "1"]
[WhiteTeam "Bulgaria"]
[BlackTeam "Serbia"]
[WhiteTeamCountry "BUL"]
[BlackTeamCountry "SRB"]

1. e4 c6 2. d4 d5 3. e5 Bf5 4. c3 e6 5. Nf3 Qb6 6. a3 c5 7. b4 c4 8. Be3 Nc6 9. Nbd2 h6 10. Be2 Be7 11. Qa4 a6 12. Nxc4 dxc4 13. d5 Qb5 14. Qxb5 axb5 15. dxc6 bxc6 16. Nd4 Be4 17. 0-0 Bd5 18. f4 Bd8 19. f5 g6 20. f6 Bc7 21. Bf4 h5 22. Bf3 Bb6 23. Kh1 Bxd4 24. cxd4 Nh6 25. Bxh6 Rxh6 26. Bxd5 cxd5 27. Rf2 Kd7 28. Rfa2 Ra4 29. Kg1 h4 30. Rf2 Ke8 31. Rf3 Kf8 32. Rh3 Rh5 33. Rf1 Kg8 34. Rff3 Rf5 35. Rxf5 exf5 36. Rc3 Kh7 37. Kf2 g5 38. g3 hxg3+ 39. Kxg3 Ra8 40. Rf3 Kg6 41. h3 Rh8 42. Kg2 Rh4 43. Rc3 Rxd4 44. Kf2 Re4 45. Re3 Rxe3 46. Kxe3 f4+ 47. Ke2 Kf5 48. a4 bxa4 49. b5 a3 50. b6 a2 51. b7 a1Q 52. b8Q Qxe5+ 0-1